Mathematical methods in chemical engineering (Record no. 25039)

000 -LEADER
fixed length control field 00548nam a22002051 4500
001 - CONTROL NUMBER
control field 25039
003 - CONTROL NUMBER IDENTIFIER
control field BD-DhUET
008 - FIXED-LENGTH DATA ELEMENTS--GENERAL INFORMATION
fixed length control field 730313s1963 xx 000 0 eng
040 ## - CATALOGING SOURCE
Original cataloging agency DLC
Transcribing agency OClU
Modifying agency BD-DhUET
082 ## - DEWEY DECIMAL CLASSIFICATION NUMBER
Classification number 660.28
Item number JEN/1963
100 ## - MAIN ENTRY--PERSONAL NAME
Personal name Jenson, V. G.
245 10 - TITLE STATEMENT
Title Mathematical methods in chemical engineering
250 ## - EDITION STATEMENT
Edition statement 1st ed.
260 ## - PUBLICATION, DISTRIBUTION, ETC. (IMPRINT)
Place of publication, distribution, etc. London
Name of publisher, distributor, etc. Academic Press
Date of publication, distribution, etc. 1963
300 ## - PHYSICAL DESCRIPTION
Extent xi, 556 p.
Other physical details illus.
Dimensions 24cm.
504 ## - BIBLIOGRAPHY, ETC. NOTE
Bibliography, etc Includes bibliographies
650 #0 - SUBJECT ADDED ENTRY--TOPICAL TERM
Topical term or geographic name as entry element Chemical engineering
700 ## - ADDED ENTRY--PERSONAL NAME
Personal name Jeffreys, G. V.
942 ## - ADDED ENTRY ELEMENTS (KOHA)
Koha item type General Book
Holdings
Lost status Koha item type Date acquired Piece designation (barcode) Damaged status Koha date last seen Price effective from Shelving location Koha normalized classification for sorting Location (home branch) Withdrawn status Sublocation or collection (holding branch) Copy number Not for loan Koha full call number Source of classification or shelving scheme
 General Book2015-05-1222438 2015-05-122015-05-12Circulation section660_280000000000000_JEN_1963Central Library, BUET Central Library, BUET1 660.28/JEN/1963 
 General Book2015-05-1222440 2015-05-122015-05-12Circulation section660_280000000000000_JEN_1963Central Library, BUET Central Library, BUET2 660.28/JEN/1963 
 General Book2015-05-1222434 2015-05-122015-05-12Circulation section660_280000000000000_JEN_1963Central Library, BUET Central Library, BUET3 660.28/JEN/1963 
 General Book2015-05-1822432 2015-05-182015-05-18Circulation section660_280000000000000_JEN_1963Central Library, BUET Central Library, BUET4 660.28/JEN/1963 
 General Book2015-05-1822435 2015-05-182015-05-18Circulation section660_280000000000000_JEN_1963Central Library, BUET Central Library, BUET5 660.28/JEN/1963 
 General Book2015-05-1829450 2015-05-182015-05-18Circulation section660_280000000000000_JEN_1963Central Library, BUET Central Library, BUET6 660.28/JEN/1963 
 General Book2015-05-1829449 2015-05-182015-05-18Circulation section660_280000000000000_JEN_1963Central Library, BUET Central Library, BUET7 660.28/JEN/1963 
 General Book2015-05-1829448 2015-05-182015-05-18Circulation section660_280000000000000_JEN_1963Central Library, BUET Central Library, BUET8 660.28/JEN/1963 
 General Book2015-05-1829457 2015-05-182015-05-18Circulation section660_280000000000000_JEN_1963Central Library, BUET Central Library, BUET9 660.28/JEN/1963 
 General Book2015-05-1829454 2015-05-182015-05-18Circulation section660_280000000000000_JEN_1963Central Library, BUET Central Library, BUET10 660.28/JEN/1963 
 General Book2015-05-1829453 2015-05-182015-05-18Circulation section660_280000000000000_JEN_1963Central Library, BUET Central Library, BUET11 660.28/JEN/1963 
 General Book2015-05-1829451 2015-05-182015-05-18Circulation section660_280000000000000_JEN_1963Central Library, BUET Central Library, BUET12 660.28/JEN/1963 
 General Book2015-05-1822431 2015-05-182015-05-18Circulation section660_280000000000000_JEN_1963Central Library, BUET Central Library, BUET13 660.28/JEN/1963 
 General Book2015-05-1829452 2015-05-182015-05-18Circulation section660_280000000000000_JEN_1963Central Library, BUET Central Library, BUET14 660.28/JEN/1963 
 General Book2015-05-1822436 2015-05-182015-05-18Circulation section660_280000000000000_JEN_1963Central Library, BUET Central Library, BUET15 660.28/JEN/1963 
 Reading Item2015-06-1729456 2015-06-172015-06-17Reading section660_280000000000000_JEN_1963Central Library, BUET Central Library, BUET16 660.28/JEN/1963 
 Reading Item2015-06-1829455. 2015-06-182015-06-18Reading section660_280000000000000_JEN_1963Central Library, BUET Central Library, BUET17 660.28/JEN/1963 
 Reading Item2015-07-1022439 2015-07-102015-07-10Reading section660_280000000000000_JEN_1963Central Library, BUET Central Library, BUET18 660.28/JEN/1963